|
|
|
|
| LEADER |
00000nam a22000007a 4500 |
| 005 |
20111003102115.0 |
| 008 |
111003s2011 cl |||||s|||| 00||0 spa d |
| 020 |
|
|
|a 978-956-10-1792
|
| 035 |
|
|
|a 5775
|
| 040 |
|
|
|a vLex
|
| 090 |
|
|
|c 2578
|d 2578
|
| 100 |
1 |
|
|a Corral Talciani, Hernǹ
|
| 245 |
1 |
0 |
|a Bienes familiares y participacin̤ de gananciales
|h [Recurso electrn̤ico] /
|c Hernǹ Corral Talciani
|
| 256 |
|
|
|a Servicio en ln̕ea.
|
| 260 |
|
|
|a [Chile] :
|b Editorial jurd̕ica de Chile,
|c 2011.
|
| 300 |
|
|
|a 1 recurso electrn̤ico
|
| 506 |
1 |
|
|a Contenido solo disponible en los productos indicados
|d vLex Global
|d vLex Global (Academic Edition, excluding Law Schools)
|d vLex Global (U.S. Academic Edition, Law Schools)
|d vLex Global (U.S. Academic Edition, excluding Law Schools)
|d vLex Global (Academic Edition, Law Schools)
|
| 650 |
0 |
4 |
|a Bienes comunes
|z Chile
|
| 740 |
0 |
|
|a vLex Libros (Servicio en ln̕ea)
|
| 856 |
4 |
0 |
|u http://vlex.com/source/bienes-familiares-participacion-gananciales-5775
|z Acceso restringido
|
| 942 |
|
|
|c BOOK
|